Cartas tarapaqueñas sobre la conducta funcionaria del Intendente Don Anfión Muñoz
Saved in:
| Main Author: | |
|---|---|
| Format: | Book |
| Language: | Spanish |
| Published: |
Valparaíso
Imprenta y Litografía Excelsior, calle Serrano, 14
1887
|
| Edition: | 1a. ed |
| Subjects: | |
| Tags: |
Add Tag
No Tags, Be the first to tag this record!
|
MARC
| LEADER | 00000nam a2200000 a 4500 | ||
|---|---|---|---|
| 001 | UCJ7648 | ||
| 003 | CL-VaPUC | ||
| 005 | 20221125113345.0 | ||
| 008 | 070124e18870000CL |||||||||||||||||spa|d | ||
| 999 | |c 323658 |d 323656 | ||
| 040 | |c Pontificia Universidad Católica de Valparaíso | ||
| 082 | 0 | 4 | |a 983 |b ORT |2 21 |
| 100 | |a Ortiga, M. de la |e autor |9 516115 | ||
| 245 | 1 | 0 | |a Cartas tarapaqueñas sobre la conducta funcionaria del Intendente Don Anfión Muñoz |
| 250 | |a 1a. ed | ||
| 260 | |a Valparaíso |b Imprenta y Litografía Excelsior, calle Serrano, 14 |c 1887 | ||
| 300 | |a 93 p | ||
| 500 | |a El género epistolar bajo el título de Cartas se ha utilizado a lo largo de la Historia para hacer crítica ya sea social, política, de usos y costumbres, etc.- v. gr.: Las célebres Cartas Persas, de Montesquieu, las Cartas Marruecas de Cadalso y, en Chile, las Cartas Pehuenches, de Egaña | ||
| 583 | |a last modification |c 20070124 00:00:00 |k Rodrigo Vera | ||
| 600 | 0 | |a Muñoz, Anfión, |d 1850-1920 |9 516116 | |
| 650 | 0 | |a Administración pública |9 255343 | |
| 650 | 7 | |a ETICA FUNCIONARIA |2 CL-VaPUC |9 516117 | |
| 650 | 7 | |a Corrupción política |9 376572 | |
| 651 | 7 | |a IQUIQUE |2 CL-VaPUC |9 357757 | |
| 942 | |c BK |2 ddc | ||
| 945 | |d 20070124 00:00:00 |a rinostro | ||
| 952 | |0 0 |1 0 |4 0 |6 983_000000000000000_ORT_1887 |7 0 |8 X |9 403427 |a FDOBUD |b FDOBUD |d 2019-11-22 |i 1067192 |o 983 ORT 1887 |p 1067192 |r 2019-11-22 |w 2019-11-22 |y BK_X |k BUD | ||